| 000 | 00467nam a2200169Ia 4500 | ||
|---|---|---|---|
| 008 | 180207s9999 xx 000 0 und d | ||
| 020 | _a9780439987196 | ||
| 050 | _bR353 2000 | ||
| 100 | _aReid, Barbara. | ||
| 245 | _aGolden goose / | ||
| 245 | _cBarbara Reid ; adopted from the traditional fairy tale by the Brothers Grimm. | ||
| 260 | _aCanada : | ||
| 260 | _bNorth Winds Press, | ||
| 260 | _c2000 | ||
| 300 | _a30 pages : | ||
| 300 | _bcolor illustration ; | ||
| 999 |
_c355100 _d355100 |
||